[Event "BL 8889 München 36-Heidelberg"]
[Site "?"]
[Date "1989.??.??"]
[Round "?.4"]
[White "Pichler, J."]
[Black "Zuse, P."]
[Result "1/2-1/2"]
[WhiteElo "2325"]
[BlackElo "2295"]
[PlyCount "96"]
[EventDate "1989.??.??"]

1. d4 Nf6 2. Nf3 g6 3. Bg5 Bg7 4. c3 O-O 5. Nbd2 b6 6. e3 Bb7 7. Be2 c5 8. O-O
Nc6 9. Qa4 cxd4 10. cxd4 a6 11. Rfc1 b5 12. Qd1 Qb6 13. a4 Rfb8 14. axb5 axb5
15. Qb3 Na5 16. Qb4 d6 17. h3 h6 18. Bxf6 Bxf6 19. Ra3 Bd5 20. e4 Nc6 21. Qxb5
Qxb5 22. Bxb5 Nxd4 23. Bd3 Nxf3+ 24. Nxf3 Bxb2 25. Rxa8 Bxa8 26. Rb1 Rb4 27.
Nd2 Rd4 28. Rxb2 Rxd3 29. f3 Kg7 30. Kf2 Ra3 31. Nc4 Ra7 32. Ne3 Bc6 33. h4 Bd7
34. Rc2 f5 35. exf5 Bxf5 36. Rd2 Be6 37. f4 Ra2 38. Rxa2 Bxa2 39. Kf3 Be6 40.
g4 Bd7 41. Ke4 Bc6+ 42. Kd4 g5 43. Nf5+ Kf8 44. hxg5 hxg5 45. fxg5 Be8 46. Kd5
Bf7+ 47. Kc6 d5 48. g6 Bxg6 1/2-1/2

[Event "BL 8889 München 36-Heidelberg"]
[Site "?"]
[Date "1989.??.??"]
[Round "?.5"]
[White "Neunhoeffer, H."]
[Black "Eppinger, G."]
[Result "1/2-1/2"]
[WhiteElo "2270"]
[BlackElo "2300"]
[PlyCount "70"]
[EventDate "1989.??.??"]

1. d4 Nf6 2. c4 c5 3. e3 g6 4. dxc5 Qa5+ 5. Bd2 Qxc5 6. Bc3 Bg7 7. Nf3 O-O 8.
Be2 Nc6 9. Nbd2 d5 10. b4 Qd6 11. b5 Nd8 12. Be5 Qe6 13. O-O b6 14. Rc1 Bb7 15.
Ba1 Ne4 16. Nd4 Qd6 17. cxd5 Nxd2 18. Qxd2 Qxd5 19. Bf3 Qd7 20. Bxb7 Nxb7 21.
Rfd1 Nc5 22. Qe2 Qb7 23. h3 Rac8 24. Qf3 Qxf3 25. gxf3 Rc7 26. Rc4 Rfc8 27.
Rdc1 Ne6 28. Nc6 Kf8 29. Bxg7+ Kxg7 30. Kf1 Nc5 31. Nb4 Rd7 32. Na6 Rd2 33.
Nxc5 Rxc5 34. Rxc5 bxc5 35. Rxc5 Rxa2 1/2-1/2

[Event "BL 8889 München 36-Heidelberg"]
[Site "?"]
[Date "1989.??.??"]
[Round "?.6"]
[White "Goetz, R."]
[Black "Nonnenmacher, E."]
[Result "1-0"]
[WhiteElo "2275"]
[BlackElo "2320"]
[PlyCount "72"]
[EventDate "1989.??.??"]

1. e4 c5 2. Nf3 e6 3. Nc3 d6 4. d4 cxd4 5. Nxd4 Nf6 6. f4 a6 7. Bd3 Nc6 8. Nf3
b5 9. O-O Be7 10. Qe1 Nb4 11. Qg3 Nxd3 12. cxd3 O-O 13. Be3 g6 14. Nd4 Bd7 15.
f5 b4 16. Nce2 Nh5 17. Qf3 Bf6 18. g4 Ng7 19. Qg3 Be5 20. Qf2 f6 21. fxe6 Bxd4
22. Bxd4 Bxe6 23. Qh4 Qd7 24. b3 Qb5 25. Qg3 Ne8 26. Nf4 Bf7 27. Rfc1 a5 28. a3
Qb7 29. axb4 axb4 30. Rxa8 Qxa8 31. Qe1 Qb7 32. Ra1 Qb5 33. Qd2 d5 34. Qe3 dxe4
35. Bc5 g5 36. Ng2 exd3 1-0

[Event "BL 8889 München 36-Heidelberg"]
[Site "?"]
[Date "1989.??.??"]
[Round "?.7"]
[White "Grathwohl, R."]
[Black "Koepf, U."]
[Result "1-0"]
[WhiteElo "2310"]
[BlackElo "2245"]
[PlyCount "77"]
[EventDate "1989.??.??"]

1. Nf3 Nf6 2. b3 d5 3. Bb2 Bg4 4. e3 Nbd7 5. Be2 Bxf3 6. Bxf3 e6 7. O-O Bd6 8.
c4 Qe7 9. Qc2 h5 10. h3 O-O-O 11. cxd5 exd5 12. Nc3 Qe5 13. g3 Qe6 14. Nb5 Ne5
15. Bg2 Kb8 16. Rac1 Nc6 17. Nxd6 Qxd6 18. Qf5 Qe6 19. Qf4 Ne8 20. a3 f6 21.
Rc5 Ne5 22. Qd4 c6 23. f4 Nd7 24. Rc2 Nd6 25. Kh2 Rhe8 26. a4 Qf5 27. Rfc1 Ne4
28. d3 Nd6 29. e4 Qg6 30. Ba3 Nc8 31. exd5 Ndb6 32. d6 f5 33. a5 Nxd6 34. axb6
Ne4 35. Qe3 Nc3 36. Qf2 Nb5 37. Bb2 Rxd3 38. bxa7+ Nxa7 39. Be5+ 1-0

[Event "BL 8889 Bayern-Koblenz"]
[Site "?"]
[Date "1989.??.??"]
[Round "?.2"]
[White "Ribli, Z."]
[Black "Wolf, V."]
[Result "1-0"]
[WhiteElo "2630"]
[BlackElo "2330"]
[PlyCount "113"]
[EventDate "1989.??.??"]

1. Nf3 Nf6 2. c4 e6 3. g3 d5 4. Bg2 Be7 5. O-O O-O 6. d4 dxc4 7. Ne5 Nc6 8.
Nxc6 bxc6 9. Na3 Nd5 10. Nxc4 c5 11. dxc5 Bxc5 12. b3 Qe7 13. Bb2 Rb8 14. Qc2
Rd8 15. Rfd1 Ba6 16. a3 Bb6 17. Rac1 Bxc4 18. Qxc4 Nf6 19. e3 a5 20. Bf3 h6 21.
a4 Rxd1+ 22. Rxd1 Ba7 23. Bc3 Bb6 24. b4 axb4 25. Bxb4 c5 26. Bc3 Qa7 27. a5
Bd8 28. a6 Be7 29. Bb7 Nd5 30. Rxd5 exd5 31. Qxd5 Rd8 32. Qc6 Bf8 33. Be5 c4
34. Qxc4 Rd1+ 35. Kg2 Qc5 36. Qb3 Rd2 37. Bd4 Rxd4 38. exd4 Qxd4 39. Bd5 Bc5
40. Bxf7+ Kf8 41. Qf3 Ke7 42. Bg6 Kd6 43. h4 Ba7 44. Bd3 Kc5 45. Qf8+ Kb6 46.
Qf5 Kc7 47. f3 Kd6 48. Kh3 Ke7 49. f4 Bc5 50. Qe4+ Qxe4 51. Bxe4 Kd6 52. g4 Kc7
53. g5 h5 54. Bf3 Kb6 55. Be2 Bb4 56. f5 Bc3 57. Kg2 1-0

[Event "BL 8889 Bayern-Koblenz"]
[Site "?"]
[Date "1989.??.??"]
[Round "?.3"]
[White "Bayer, E."]
[Black "Hickl, J."]
[Result "0-1"]
[WhiteElo "2370"]
[BlackElo "2500"]
[PlyCount "84"]
[EventDate "1989.??.??"]

1. Nf3 d6 2. d4 Nf6 3. g3 Nbd7 4. Bg2 e5 5. c4 c6 6. Nc3 Be7 7. O-O O-O 8. e4
Re8 9. h3 a6 10. Re1 b5 11. Qc2 Bb7 12. b3 Bf8 13. a3 Nb6 14. Rb1 Rb8 15. Be3
exd4 16. Bxd4 Nfd7 17. Nd2 g6 18. Red1 Rc8 19. Qd3 c5 20. Be3 b4 21. axb4 cxb4
22. Nd5 Nxd5 23. cxd5 Nc5 24. Bxc5 Rxc5 25. Ra1 Bg7 26. Ra4 a5 27. Qb1 Bc3 28.
Nc4 Ba6 29. Bf1 Bxc4 30. Bxc4 Qd7 31. Bf1 Qe7 32. Bg2 Qc7 33. Bf1 Bf6 34. Bd3
Rc3 35. Qa2 Bd8 36. Kg2 Qc5 37. Qb2 Bb6 38. Ra2 Ra8 39. Qb1 a4 40. Rxa4 Qxf2+
41. Kh1 Rxa4 42. bxa4 Qxg3 0-1

[Event "BL 8889 Bayern-Koblenz"]
[Site "?"]
[Date "1989.??.??"]
[Round "?.4"]
[White "Bischoff, K."]
[Black "Seul, G."]
[Result "1/2-1/2"]
[WhiteElo "2510"]
[BlackElo "2315"]
[PlyCount "75"]
[EventDate "1989.??.??"]

1. c4 e6 2. Nc3 d5 3. d4 Be7 4. cxd5 exd5 5. Bf4 c6 6. e3 Bd6 7. Bxd6 Qxd6 8.
Bd3 Nf6 9. h3 O-O 10. Qc2 Nbd7 11. Nge2 c5 12. dxc5 Nxc5 13. O-O Be6 14. Rad1
Rac8 15. Qd2 Rfd8 16. Bb1 Qb6 17. Nd4 Nce4 18. Bxe4 dxe4 19. b3 h6 20. Rc1 Bd7
21. Rc2 Qd6 22. Rfc1 Qe5 23. Nce2 Rxc2 24. Rxc2 Rc8 25. Rxc8+ Bxc8 26. Qb4 Qc7
27. Qc3 Qxc3 28. Nxc3 a6 29. Nde2 Bd7 30. Ng3 Bc6 31. Nf5 Kf8 32. Kf1 h5 33.
Ke1 g6 34. Nd4 Bd7 35. b4 Ke7 36. Nb3 Bc6 37. Na5 Kd6 38. Nc4+ 1/2-1/2

[Event "BL 8889 Bayern-Koblenz"]
[Site "?"]
[Date "1989.??.??"]
[Round "?.5"]
[White "Hess, R."]
[Black "Hertneck, G."]
[Result "0-1"]
[WhiteElo "2330"]
[BlackElo "2435"]
[PlyCount "54"]
[EventDate "1989.??.??"]

1. c4 e5 2. Nc3 Nc6 3. g3 g6 4. Bg2 Bg7 5. e3 f5 6. Nge2 Nf6 7. d3 O-O 8. Rb1
a5 9. a3 d6 10. b4 axb4 11. axb4 Ne7 12. f4 c6 13. O-O Be6 14. h3 Bf7 15. Qc2
Re8 16. Kh2 exf4 17. exf4 d5 18. c5 d4 19. Nd1 Nfd5 20. Ng1 Nc3 21. Rb2 Ned5
22. Bd2 Ra3 23. Nf3 Ne3 24. Nxe3 dxe3 25. Bc1 Nb5 26. Rd1 Bd5 27. d4 e2 0-1

[Event "BL 8889 Bayern-Koblenz"]
[Site "?"]
[Date "1989.??.??"]
[Round "?.6"]
[White "Schlosser, P."]
[Black "Weidemann, J."]
[Result "1-0"]
[WhiteElo "2385"]
[BlackElo "2325"]
[PlyCount "91"]
[EventDate "1989.??.??"]

1. d4 f5 2. g3 Nf6 3. Bg2 g6 4. c4 Bg7 5. Nc3 d6 6. Nh3 c6 7. d5 O-O 8. O-O Kh8
9. Nf4 Bd7 10. e4 cxd5 11. exd5 Na6 12. Be3 Rc8 13. b3 Nc5 14. Bd4 g5 15. Nd3
b6 16. Ne2 e5 17. dxe6 Nxe6 18. Bb2 Ng4 19. Bxg7+ Nxg7 20. Qd2 b5 21. cxb5 Bxb5
22. Nd4 Ba6 23. Rfc1 Qb6 24. Nb4 Bb7 25. Nd5 Bxd5 26. Bxd5 Rc5 27. Rxc5 dxc5
28. Nf3 Nf6 29. Bc4 Ne4 30. Qb2 g4 31. Nd2 Ng5 32. Re1 Qd6 33. Kf1 h6 34. f4
gxf3 35. Qc3 f4 36. g4 Rd8 37. h4 f2 38. Re2 f3 39. Rxf2 N5e6 40. Nxf3 Nd4 41.
Nxd4 cxd4 42. Qd2 Qc6 43. Kg1 Qg6 44. Kh2 d3 45. Qf4 Qb6 46. h5 1-0

[Event "BL 8889 Bayern-Koblenz"]
[Site "?"]
[Date "1989.??.??"]
[Round "?.7"]
[White "Schlick, V."]
[Black "Stangl, M."]
[Result "1/2-1/2"]
[WhiteElo "2290"]
[BlackElo "2360"]
[PlyCount "122"]
[EventDate "1989.??.??"]

1. e4 g6 2. d4 Bg7 3. Nf3 d6 4. Nc3 Nf6 5. h3 O-O 6. Be3 c6 7. a4 d5 8. exd5
cxd5 9. Ne5 Be6 10. Qd2 Nbd7 11. Nxd7 Qxd7 12. Bb5 Qc7 13. O-O Ne8 14. Be2 Nd6
15. Nb5 Qd7 16. Nxd6 Qxd6 17. Bf4 Qb6 18. c3 Rfe8 19. Bb5 Red8 20. Rfe1 a6 21.
Bd3 Re8 22. a5 Qc6 23. Ra3 Bd7 24. Rb3 f6 25. Rb6 Qc8 26. Be2 e6 27. Bf3 Bc6
28. c4 Qd7 29. cxd5 exd5 30. Rc1 Re6 31. Qb4 Bf8 32. Qb3 Be7 33. Bg4 f5 34. Bf3
Bf6 35. Qc3 Qg7 36. Qb3 Qd7 37. Qb4 Kh8 38. Qd2 Qe7 39. g4 Re8 40. g5 Bg7 41.
Kg2 Qd7 42. Rb3 Kg8 43. h4 Bf8 44. h5 Bd6 45. hxg6 hxg6 46. Rh1 R8e7 47. Rh6
Qc7 48. Kg3 Kg7 49. Bxd6 Qxd6+ 50. Qf4 Qxf4+ 51. Kxf4 Re1 52. Rh1 Rxh1 53. Bxh1
Re1 54. Bf3 Kf7 55. Re3 Rxe3 56. Kxe3 Ke6 57. Be2 Kd6 58. Kd2 Bd7 59. Kc3 Be8
60. Kb4 Bc6 61. Bd1 Bd7 1/2-1/2

[Event "BL 8889 Bayern-Koblenz"]
[Site "?"]
[Date "1989.??.??"]
[Round "?.8"]
[White "Klundt, K."]
[Black "Morawietz, D."]
[Result "1/2-1/2"]
[WhiteElo "2410"]
[BlackElo "2280"]
[PlyCount "122"]
[EventDate "1989.??.??"]

1. e4 c5 2. Nf3 e6 3. d4 cxd4 4. Nxd4 Nf6 5. Nc3 d6 6. f4 a6 7. Be2 Be7 8. O-O
Qc7 9. Kh1 O-O 10. a4 Rd8 11. Qe1 b6 12. Bf3 Bb7 13. e5 dxe5 14. fxe5 Nfd7 15.
Bf4 Nf8 16. Bxb7 Qxb7 17. Rd1 Nc6 18. Qe4 Rac8 19. Bg3 Rd7 20. Nxc6 Qxc6 21.
Qf4 Bc5 22. Rxd7 Qxd7 23. Ne4 Ng6 24. Qg4 Qd5 25. Rd1 Qa8 26. h4 h5 27. Qf3 Be7
28. Rd7 Rd8 29. Rb7 Rd1+ 30. Kh2 Rf1 31. Qxf1 Qxb7 32. Nd6 Bxd6 33. exd6 b5 34.
Qd1 Nf8 35. Qxh5 bxa4 36. Qe5 Qc6 37. Qd4 f6 38. h5 e5 39. Qd3 Kf7 40. Be1 Ke6
41. Bb4 Qb5 42. Qh3+ Kf7 43. Qg4 Qd5 44. c4 Qb7 45. c5 e4 46. Qf5 Qxb4 47. Qd5+
Ke8 48. c6 e3 49. d7+ Nxd7 50. Qxd7+ Kf8 51. c7 Qh4+ 52. Qh3 Qf4+ 53. Qg3 Qf5
54. Qxe3 Qxh5+ 55. Kg3 Qg6+ 56. Kf3 Qh5+ 57. Kg3 Qg6+ 58. Kh4 Qh7+ 59. Kg4 Qg6+
60. Kf3 Qf5+ 61. Qf4 Qd3+ 1/2-1/2

[Event "BL 8889 Lasker-München 36"]
[Site "?"]
[Date "1989.??.??"]
[Round "?.1"]
[White "Smejkal, J."]
[Black "Brunner, L."]
[Result "1/2-1/2"]
[WhiteElo "2515"]
[BlackElo "2425"]
[PlyCount "41"]
[EventDate "1989.??.??"]

1. c4 e6 2. Nf3 d5 3. d4 c5 4. cxd5 exd5 5. g3 Nf6 6. Bg2 Be7 7. O-O O-O 8. Nc3
Nc6 9. Bg5 cxd4 10. Nxd4 h6 11. Be3 Re8 12. Rc1 Bf8 13. Nxc6 bxc6 14. Na4 Bd7
15. Bc5 Bxc5 16. Rxc5 Ne4 17. Rc2 Ng5 18. h4 Ne4 19. e3 Qf6 20. Qd4 Qxd4 21.
exd4 1/2-1/2

[Event "BL 8889 Lasker-München 36"]
[Site "?"]
[Date "1989.??.??"]
[Round "?.2"]
[White "Berg, K."]
[Black "Bastian, H."]
[Result "1-0"]
[WhiteElo "2385"]
[BlackElo "2315"]
[PlyCount "103"]
[EventDate "1989.??.??"]

1. Nf3 Nf6 2. c4 g6 3. Nc3 Bg7 4. e4 d6 5. d4 O-O 6. Be2 e5 7. O-O Nbd7 8. Qc2
h6 9. Rd1 Re8 10. Rb1 exd4 11. Nxd4 Nc5 12. f3 a5 13. Ndb5 Bd7 14. Be3 b6 15.
a3 a4 16. Re1 Bc6 17. Rbd1 Nfd7 18. Nd4 Bb7 19. Qd2 Kh7 20. Bf1 Ne5 21. Nd5 c6
22. Nb4 Qf6 23. Qc2 Rac8 24. Qb1 Ncd7 25. Ndc2 Nxf3+ 26. gxf3 Ne5 27. Kh1 Nxf3
28. Re2 Rxe4 29. Rf2 Rh4 30. Be2 Rxh2+ 31. Rxh2 Nxh2 32. Kxh2 Re8 33. Rf1 Qe5+
34. Kg2 f5 35. Rf2 b5 36. cxb5 cxb5+ 37. Bf3 Bxf3+ 38. Rxf3 Qe4 39. Qd1 g5 40.
Qd3 Bxb2 41. Qxe4 fxe4 42. Rf7+ Kg6 43. Rd7 Be5 44. Nc6 h5 45. N2d4 h4 46. Kh3
Kh5 47. Nxe5 dxe5 48. Rg7 exd4 49. Rxg5+ Kh6 50. Re5+ dxe3 51. Rxe8 b4 52. Rxe4
1-0

[Event "BL 8889 Lasker-München 36"]
[Site "?"]
[Date "1989.??.??"]
[Round "?.3"]
[White "Pichler, J."]
[Black "Fries Nielsen, J."]
[Result "1/2-1/2"]
[WhiteElo "2325"]
[BlackElo "2385"]
[PlyCount "88"]
[EventDate "1989.??.??"]

1. d4 Nf6 2. Nf3 d6 3. Bg5 Nbd7 4. Nbd2 c5 5. e3 e6 6. Bd3 Be7 7. Qe2 cxd4 8.
exd4 Nd5 9. Bxe7 Qxe7 10. O-O Nf4 11. Qe3 Nxd3 12. Qxd3 O-O 13. Rfe1 b6 14. Ne4
Bb7 15. Qa3 Bxe4 16. Rxe4 Nf6 17. Re2 Rfc8 18. Qd3 Qb7 19. Ng5 Qc6 20. c3 b5
21. Ne4 Nxe4 22. Rxe4 Qd5 23. Rh4 h6 24. Qg3 b4 25. Rg4 g5 26. Qd3 bxc3 27.
bxc3 Qc4 28. Qd1 Qxc3 29. h4 Qc2 30. hxg5 Qxd1+ 31. Rxd1 h5 32. Rf4 Rc2 33. d5
e5 34. Rf6 Rd8 35. Rb1 Rc7 36. Rb4 Kg7 37. Ra4 Rdd7 38. Ra6 Rc2 39. f3 Rd2 40.
Rfxd6 Rxd6 41. Rxd6 Rxa2 42. Rd7 Kg6 43. Re7 Kxg5 44. Rxf7 Rd2 1/2-1/2

[Event "BL 8889 Lasker-München 36"]
[Site "?"]
[Date "1989.??.??"]
[Round "?.4"]
[White "Muse, M."]
[Black "Eppinger, G."]
[Result "1-0"]
[WhiteElo "2380"]
[BlackElo "2300"]
[PlyCount "91"]
[EventDate "1989.??.??"]

1. Nf3 e6 2. g3 f5 3. Bg2 Nf6 4. O-O d5 5. c4 c6 6. d3 Be7 7. Qc2 O-O 8. Nbd2
Qe8 9. e4 dxe4 10. dxe4 f4 11. e5 Ng4 12. h3 Nh6 13. g4 Nd7 14. b3 Qg6 15. Qxg6
hxg6 16. Ne4 g5 17. Nexg5 Nxe5 18. Nxe5 Bxg5 19. Rb1 Bd8 20. Ng6 f3 21. Bh1 Rf6
22. Ne5 Nf7 23. Nxf3 e5 24. Bb2 Bc7 25. Rfe1 Re6 26. Rbd1 Re7 27. Re4 Be6 28.
Bg2 Rae8 29. Rde1 Bc8 30. R4e2 Ba5 31. Rd1 e4 32. Nd4 e3 33. fxe3 Rxe3 34. Rxe3
Rxe3 35. Kf2 Re8 36. Nf3 Bb6+ 37. Bd4 Rd8 38. Rd2 Bxd4+ 39. Rxd4 Re8 40. c5 b6
41. Ra4 Re7 42. cxb6 axb6 43. Ra8 Rc7 44. Nd4 Nd6 45. Bxc6 Kh7 46. Rb8 1-0

[Event "BL 8889 Lasker-München 36"]
[Site "?"]
[Date "1989.??.??"]
[Round "?.5"]
[White "Kaiser, W."]
[Black "Junge, R."]
[Result "1-0"]
[WhiteElo "2360"]
[BlackElo "2370"]
[PlyCount "55"]
[EventDate "1989.??.??"]

1. d4 Nf6 2. c4 c5 3. d5 e5 4. Nc3 d6 5. e4 Be7 6. Bd3 a6 7. h3 Nbd7 8. Qe2 O-O
9. g4 Ne8 10. Nf3 Kh8 11. Be3 g6 12. O-O-O Ng7 13. Rdg1 Nf6 14. Nd2 Ng8 15. h4
h5 16. gxh5 Nxh5 17. Nf3 Bd7 18. Ng5 Qe8 19. Qd2 Ngf6 20. Be2 b5 21. f4 Bd8 22.
f5 Ba5 23. Bxh5 Nxh5 24. Ne6 Bxc3 25. Qxc3 fxe6 26. Rxg6 Nf6 27. Bh6 exf5 28.
Bg7+ 1-0

[Event "BL 8889 Lasker-München 36"]
[Site "?"]
[Date "1989.??.??"]
[Round "?.6"]
[White "Breutigam, M."]
[Black "Bartelborth, T."]
[Result "1-0"]
[WhiteElo "2300"]
[BlackElo "2210"]
[PlyCount "85"]
[EventDate "1989.??.??"]

1. d4 Nf6 2. c4 c5 3. d5 b5 4. cxb5 a6 5. Nc3 axb5 6. e4 b4 7. Nb5 d6 8. Bc4
Ra5 9. Qe2 Ba6 10. a4 bxa3 11. Rxa3 Rxa3 12. bxa3 Nbd7 13. Nf3 Nxe4 14. O-O
Bxb5 15. Bxb5 Nc3 16. Bxd7+ Qxd7 17. Qa6 f6 18. Bd2 Ne4 19. Rb1 g5 20. Qc6 Qxc6
21. dxc6 d5 22. Rb8+ Kf7 23. c7 Nd6 24. c8=Q Nxc8 25. Rxc8 e5 26. a4 Rg8 27. a5
Bd6 28. Rxg8 Kxg8 29. a6 Bb8 30. Ba5 c4 31. Bb6 c3 32. Ne1 Kf7 33. Kf1 Ke6 34.
a7 Bxa7 35. Bxa7 d4 36. g4 Kd5 37. f3 e4 38. fxe4+ Kxe4 39. Ke2 c2 40. Nd3 f5
41. gxf5 Kxf5 42. Bxd4 h5 43. Bb2 1-0

[Event "BL 8889 Lasker-München 36"]
[Site "?"]
[Date "1989.??.??"]
[Round "?.7"]
[White "Goetz, R."]
[Black "Busch, K."]
[Result "1-0"]
[WhiteElo "2275"]
[BlackElo "2340"]
[PlyCount "83"]
[EventDate "1989.??.??"]

1. e4 c5 2. Nf3 d6 3. d4 cxd4 4. Nxd4 Nf6 5. Nc3 a6 6. Be2 e5 7. Nb3 Be7 8. O-O
O-O 9. Be3 Be6 10. Qd2 Nc6 11. Bf3 a5 12. Nd5 a4 13. Bb6 Qc8 14. Nxe7+ Nxe7 15.
Nc1 d5 16. exd5 Nexd5 17. Be3 e4 18. Bd1 Rd8 19. Bd4 Qd7 20. Ne2 Qd6 21. Qg5
Bg4 22. Ng3 h6 23. Qh4 Bxd1 24. Raxd1 Qe6 25. Rde1 Re8 26. a3 Rac8 27. Re2 Kh7
28. Bxf6 Nxf6 29. Qf4 Rc5 30. Rfe1 Re5 31. Kh1 Kg8 32. c3 b5 33. h3 Nd5 34.
Qxe5 Qxe5 35. Rxe4 Qxe4 36. Rxe4 Rc8 37. Re5 Rd8 38. Nf5 Kf8 39. Nd4 f6 40. Rh5
b4 41. Ne6+ Ke7 42. Nxd8 1-0

[Event "BL 8889 Kreuzberg-Bayern"]
[Site "?"]
[Date "1989.??.??"]
[Round "?.3"]
[White "Hickl, J."]
[Black "Loeffler, S."]
[Result "1-0"]
[WhiteElo "2500"]
[BlackElo "2375"]
[PlyCount "70"]
[EventDate "1989.??.??"]

1. g3 c5 2. Bg2 Nc6 3. e4 g6 4. d3 Bg7 5. f4 d6 6. Nf3 e6 7. O-O Nge7 8. Nc3
O-O 9. Be3 Nd4 10. Qd2 Bd7 11. Nh4 a5 12. Nd1 a4 13. c3 Nb5 14. a3 Qb6 15. Bf2
f5 16. Ne3 Bc6 17. Rae1 Rfe8 18. g4 fxg4 19. Nxg4 Rf8 20. Bg3 Rae8 21. f5 exf5
22. exf5 Bxg2 23. Qxg2 gxf5 24. Nxf5 Nxf5 25. Qd5+ Kh8 26. Rxe8 Rxe8 27. Qxf5
Qd8 28. Qh5 Rf8 29. Rxf8+ Qxf8 30. Qd5 Qe7 31. Qc4 Nc7 32. Qxa4 h5 33. Nf2 Qe3
34. Qh4 Qe2 35. Bxd6 Nd5 1-0

[Event "BL 8889 Kreuzberg-Bayern"]
[Site "?"]
[Date "1989.??.??"]
[Round "?.4"]
[White "Glienke, M."]
[Black "Bischoff, K."]
[Result "1/2-1/2"]
[WhiteElo "2295"]
[BlackElo "2510"]
[PlyCount "130"]
[EventDate "1989.??.??"]

1. d4 c5 2. e3 Nf6 3. Nf3 e6 4. Be2 b6 5. O-O Be7 6. b3 O-O 7. Bb2 Bb7 8. Nbd2
cxd4 9. Nxd4 a6 10. Bf3 Qc7 11. c4 d6 12. Rc1 Nbd7 13. Bxb7 Qxb7 14. Qe2 Rfe8
15. Rfd1 Bf8 16. Nf1 Rac8 17. Ng3 g6 18. h3 Red8 19. Rd2 Bg7 20. Nf3 Nc5 21.
Rdc2 Qa8 22. Bd4 Qb7 23. Nd2 Ncd7 24. Nf3 Bf8 25. Bb2 Rc7 26. Rd1 Rdc8 27. Rdc1
Bg7 28. Qd2 Nc5 29. Qe2 Ncd7 30. Ba3 Bf8 31. Kf1 Nc5 32. Kg1 Ncd7 33. Ne1 Ne8
34. Bb2 Nef6 35. Qd2 Rd8 36. Nd3 Rcc8 37. Nf4 Ne5 38. Qe2 Bg7 39. Nd3 Ned7 40.
Rd1 h5 41. Ne1 Nc5 42. Nf3 Qe7 43. Qe1 Qb7 44. Bd4 Qb8 45. Qb4 e5 46. Ba1 e4
47. Ne1 Qb7 48. Rcd2 a5 49. Qa3 Qe7 50. Ne2 Nfd7 51. Bxg7 Kxg7 52. Qb2+ Ne5 53.
Nf4 Kh6 54. Kf1 a4 55. Nd5 Qb7 56. Rd4 axb3 57. axb3 b5 58. cxb5 Qxb5+ 59. Kg1
Qxb3 60. Qxb3 Nxb3 61. Rxe4 Kg7 62. Ne7 Rc1 63. Rxc1 Nxc1 64. f4 Ned3 65. Nf3
Ne2+ 1/2-1/2

[Event "BL 8889 Kreuzberg-Bayern"]
[Site "?"]
[Date "1989.??.??"]
[Round "?.5"]
[White "Hertneck, G."]
[Black "Lehmann, K."]
[Result "1-0"]
[WhiteElo "2435"]
[BlackElo "2325"]
[PlyCount "85"]
[EventDate "1989.??.??"]

1. c4 e5 2. g3 Nf6 3. Bg2 c6 4. Nf3 e4 5. Nd4 d5 6. cxd5 Qxd5 7. Nc2 Qh5 8. h3
Bc5 9. b4 Bb6 10. Nc3 Qg6 11. Bb2 O-O 12. Ne3 Nbd7 13. Qc2 Re8 14. Rb1 h5 15.
h4 Bd4 16. Na4 Bxb2 17. Rxb2 Nf8 18. O-O Ng4 19. b5 Nxe3 20. dxe3 cxb5 21. Rxb5
b6 22. Rg5 Qh7 23. Nc3 Bb7 24. Nd5 Bxd5 25. Rxd5 Re7 26. Rfd1 Rae8 27. Bh3 g6
28. Bd7 Nxd7 29. Rxd7 f5 30. Qc7 Qf7 31. R1d6 Kh7 32. Qxa7 b5 33. a3 Qg7 34.
Qb7 Rb8 35. Qc6 Rbe8 36. Qxb5 Qa1+ 37. Kg2 Qxa3 38. Qe5 Qxd6 39. Qxd6 Rg7 40.
Rxg7+ Kxg7 41. Qd7+ Kf8 42. Qh7 Re6 43. f3 1-0

[Event "BL 8889 Kreuzberg-Bayern"]
[Site "?"]
[Date "1989.??.??"]
[Round "?.6"]
[White "Federau, J."]
[Black "Schlosser, P."]
[Result "0-1"]
[WhiteElo "2300"]
[BlackElo "2385"]
[PlyCount "64"]
[EventDate "1989.??.??"]

1. d4 Nf6 2. c4 e6 3. Nf3 d5 4. Nc3 dxc4 5. e3 a6 6. a4 c5 7. Bxc4 Nc6 8. O-O
Be7 9. Qe2 cxd4 10. Rd1 O-O 11. exd4 Nb4 12. Bf4 b6 13. Rac1 Bb7 14. Bg3 Nfd5
15. h3 Bd6 16. Ne5 Re8 17. Ne4 Bf8 18. Bb3 Rc8 19. Qf3 Re7 20. Bh4 Rxc1 21.
Rxc1 f6 22. Nc4 Rc7 23. Re1 b5 24. axb5 axb5 25. Na3 Bc6 26. Qg4 Kh8 27. Bg3 f5
28. Qg5 Be7 29. Qh5 fxe4 30. Bxc7 Nxc7 31. Qf7 Nd3 32. Re3 Be8 0-1

[Event "BL 8889 Kreuzberg-Bayern"]
[Site "?"]
[Date "1989.??.??"]
[Round "?.7"]
[White "Hecht, H."]
[Black "Konieczka, F."]
[Result "1-0"]
[WhiteElo "2430"]
[BlackElo "2225"]
[PlyCount "67"]
[EventDate "1989.??.??"]

1. e4 c5 2. Nf3 g6 3. c3 Bg7 4. d4 cxd4 5. cxd4 d5 6. e5 Nc6 7. Nc3 f6 8. Be3
fxe5 9. dxe5 e6 10. Bb5 Bd7 11. Bxc6 bxc6 12. O-O Ne7 13. Na4 O-O 14. Re1 Nf5
15. Bc5 Rf7 16. Rc1 Bh6 17. Rc3 Bc8 18. Nd4 Qe8 19. Rf3 Ba6 20. Nxf5 gxf5 21.
Rh3 Bf8 22. Qd4 Bb5 23. Bxf8 Bxa4 24. Bh6 c5 25. Rg3+ Kh8 26. Qf4 d4 27. b3 Bc6
28. Qg5 Qd7 29. Qh4 Rg8 30. Bg5 Rg6 31. Bf6+ Rgxf6 32. exf6 d3 33. Rd1 e5 34.
Rgxd3 (34. Rgxd3) 1-0

[Event "BL 8889 München 36-Kreuzberg"]
[Site "?"]
[Date "1989.??.??"]
[Round "?.1"]
[White "Conquest, S."]
[Black "Smejkal, J."]
[Result "1/2-1/2"]
[WhiteElo "2490"]
[BlackElo "2515"]
[PlyCount "90"]
[EventDate "1989.??.??"]

1. Nf3 Nf6 2. c4 g6 3. Nc3 d5 4. cxd5 Nxd5 5. Qa4+ Bd7 6. Qb3 Nb6 7. d4 Bg7 8.
Bg5 h6 9. Bh4 Be6 10. Qc2 Nc6 11. Rd1 Nb4 12. Qb1 O-O 13. e3 Bf5 14. e4 Bg4 15.
Be2 Bxf3 16. Bxf3 Nc6 17. e5 Nxd4 18. Bxb7 Rb8 19. Ba6 Bxe5 20. O-O c5 21. Qe4
Qc7 22. Rfe1 Bxh2+ 23. Kh1 Bd6 24. Bxe7 Bxe7 25. Qxe7 Qf4 26. Qxc5 Ne6 27. Qe3
Qxe3 28. Rxe3 Rfd8 29. Ree1 Kg7 30. g3 h5 31. Kg2 Nd7 32. b3 Nb6 33. Rxd8 Rxd8
34. Rd1 Rxd1 35. Nxd1 Kf6 36. f4 h4 37. Ne3 hxg3 38. Kxg3 Ke7 39. b4 Kd6 40. a3
Nd5 41. Nc4+ Ke7 42. Ne5 Nexf4 43. Nxf7 Nxb4 44. axb4 Nd5 45. b5 Nb4 1/2-1/2

[Event "BL 8889 München 36-Kreuzberg"]
[Site "?"]
[Date "1989.??.??"]
[Round "?.2"]
[White "Bastian, H."]
[Black "Wells, P."]
[Result "0-1"]
[WhiteElo "2315"]
[BlackElo "2410"]
[PlyCount "96"]
[EventDate "1989.??.??"]

1. e4 c6 2. d4 d5 3. exd5 cxd5 4. Bd3 Nc6 5. c3 Nf6 6. Bf4 g6 7. Nd2 Bg7 8.
Ngf3 O-O 9. O-O Bf5 10. Bxf5 gxf5 11. Ne5 Rc8 12. Qf3 Ne4 13. Qh5 Nxe5 14. dxe5
Nxd2 15. Bxd2 Qd7 16. Rfe1 Rc6 17. Rad1 Rg6 18. g3 Rc8 19. Bf4 h6 20. Qf3 e6
21. Qe2 Qa4 22. Rd4 Qa5 23. b4 Qb6 24. Rc1 Rxc3 25. Rxc3 Qxd4 26. Rc8+ Kh7 27.
Qe3 Qxb4 28. Rc7 d4 29. Qf3 d3 30. Rxb7 Qd4 31. Qe3 Qxe3 32. fxe3 f6 33. Rxa7
fxe5 34. Bxe5 d2 35. Rd7 d1=Q+ 36. Rxd1 Bxe5 37. Rd8 Rf6 38. a4 Kg6 39. a5 Rf7
40. Re8 Kf6 41. Rh8 Kg6 42. Re8 Kf6 43. Rh8 Ra7 44. Rxh6+ Kf7 45. g4 fxg4 46.
Rh7+ Bg7 47. Rh4 Rxa5 48. Rxg4 Bh6 0-1

[Event "BL 8889 München 36-Kreuzberg"]
[Site "?"]
[Date "1989.??.??"]
[Round "?.3"]
[White "Loeffler, S."]
[Black "Pichler, J."]
[Result "1-0"]
[WhiteElo "2375"]
[BlackElo "2325"]
[PlyCount "75"]
[EventDate "1989.??.??"]

1. g3 Nf6 2. Bg2 c6 3. Nf3 d6 4. c4 e5 5. Nc3 Nbd7 6. O-O Be7 7. b4 O-O 8. b5
cxb5 9. Nxb5 Nb6 10. d3 Bd7 11. Qb3 Bc6 12. Be3 Nc8 13. Rfd1 Ng4 14. Bd2 Qb6
15. e3 a6 16. Nc3 Qxb3 17. axb3 Nb6 18. b4 Bf6 19. b5 axb5 20. cxb5 Bd7 21. h3
Rxa1 22. Rxa1 e4 23. hxg4 exf3 24. Bxf3 Rc8 25. d4 Nc4 26. Bxb7 Rb8 27. Be1 Bd8
28. Bc6 Bxg4 29. Nd5 Be2 30. Bb4 g5 31. Ra7 Bd3 32. Rd7 Ba5 33. Nf6+ Kg7 34.
Nh5+ Kg6 35. Bxa5 Nxa5 36. g4 Nc4 37. Bd5 Rxb5 38. Rxf7 1-0

[Event "BL 8889 München 36-Kreuzberg"]
[Site "?"]
[Date "1989.??.??"]
[Round "?.4"]
[White "Eppinger, G."]
[Black "Glienke, M."]
[Result "0-1"]
[WhiteElo "2300"]
[BlackElo "2295"]
[PlyCount "66"]
[EventDate "1989.??.??"]

1. e4 c5 2. Nf3 d6 3. c3 Nf6 4. h3 Bd7 5. Bd3 Nc6 6. O-O g6 7. Bc2 Bg7 8. d4
O-O 9. dxc5 dxc5 10. Be3 b6 11. Nbd2 Qc7 12. Qe2 Nh5 13. Rfd1 Nf4 14. Bxf4 Qxf4
15. Nf1 Rad8 16. Ne3 e6 17. Rd2 Bc8 18. Rad1 Rxd2 19. Rxd2 Qc7 20. Nh2 Bb7 21.
Qd1 Bc8 22. g3 b5 23. a3 a5 24. Qc1 h5 25. h4 Bb7 26. Bd3 c4 27. Bf1 Ne5 28.
Qc2 Qb6 29. Bg2 Bh6 30. Nhf1 f5 31. f4 Ng4 32. Rd4 Nxe3 33. Nxe3 e5 0-1